| 000 | 00000nam 2200000zi 4500 |
| 001 | 9.937170 |
| 003 | CaOODSP |
| 005 | 20240419114846 |
| 006 | m o d f |
| 007 | cr |n||||||||| |
| 008 | 240419s2023 onc ob f|0| 0 eng d |
| 040 | |aCaOODSP|beng|erda|cCaOODSP |
| 043 | |an-cn--- |
| 086 | 1 |aRv55-8/4-3-7-2023E-PDF |
| 245 | 00|aDuty free shop : |bcontraventions and penalties. |
| 264 | 1|aOttawa : |bCanada Border Services Agency = Agence des services frontaliers du Canada, |c[2023] |
| 300 | |a1 online resource (4 pages). |
| 336 | |atext|btxt|2rdacontent |
| 337 | |acomputer|bc|2rdamedia |
| 338 | |aonline resource|bcr|2rdacarrier |
| 490 | 1 |aMemorandum, |x2369-2391 ; |vD4-3-7 |
| 500 | |aIssued also in French under title: Boutiques hors taxes : infractions et pénalités. |
| 500 | |a"Superseded Memorandum D, D4-3-7 dated September 18, 2015." |
| 500 | |a"Draft." |
| 504 | |aIncludes bibliographical references (page 4). |
| 650 | 0|aDuty-free stores|zCanada. |
| 710 | 2 |aCanada Border Services Agency, |eissuing body. |
| 775 | 08|tBoutiques hors taxes : |w(CaOODSP)9.937171 |
| 830 | #0|aMemorandum (Canada Border Services Agency)|vD4-3-7.|w(CaOODSP)9.816825 |
| 856 | 40|qPDF|s555 KB|uhttps://publications.gc.ca/collections/collection_2024/asfc-cbsa/Rv55-8-4-3-7-2023-eng.pdf |
| 856 | 4 |qHTML|sN/A|uhttps://www.cbsa-asfc.gc.ca/publications/dm-md/d4/d4-3-7-eng.html |